书目信息 |
| 题名: |
中国少数民族风格室内乐获奖作品集(第二、第三届)
|
|
| 作者: | 安鲁新 主编 | |
| 分册: | ||
| 出版信息: | 北京 中央民族大学出版社 2015 |
|
| 页数: | 272页 | |
| 开本: | 29cm | |
| 丛书名: | 新世纪民族音乐创新教育丛书 | |
| 单 册: | ||
| 中图分类: | J647.69 | |
| 科图分类: | ||
| 主题词: | 少数民族--Shao Shu Min Zu--民族声乐--室内乐--作品集--中国--现代 | |
| 电子资源: | ||
| ISBN: | 978-7-5660-1024-7 | |
| 000 | 01168nam0 22002651 450 | |
| 001 | 0101082551 | |
| 005 | 20161202101510.56 | |
| 010 | @a978-7-5660-1024-7@dCNY78.00 | |
| 100 | @a20150911d2015 em y0chiy50 ea | |
| 101 | 0 | @achi |
| 102 | @aCN@b110000 | |
| 105 | @aq z 000yy | |
| 106 | @ar | |
| 200 | 1 | @a中国少数民族风格室内乐获奖作品集(第二、第三届)@AZhong Guo Shao Shu Min Zu Feng Ge Shi Nei Le Huo Jiang Zuo Pin Ji (Di Er Di San Jie )@f安鲁新主编 |
| 210 | @a北京@c中央民族大学出版社@d2015 | |
| 215 | @a272页@d29cm | |
| 225 | 2 | @a新世纪民族音乐创新教育丛书@AXin Shi Ji Min Zu Yin Le Chuang Xin Jiao Yu Cong Shu |
| 300 | @a国家及特色专业(音乐学)建设项目 | |
| 330 | @a本书收录了第二届、第三届中国少数民族风格室内乐获奖作品,包括《越人歌》、《山涧鸣V》、《新疆印象:老阿訇的叮嘱》、《草原即景》、《丹葛尔夜话》、《壮乡狂想曲》、《敖包随想》、《花嫁》、《马头琴赞》、《春之舞》等。 | |
| 461 | 0 | @12001 @a新世纪民族音乐创新教育丛书 |
| 606 | 0 | @a少数民族@AShao Shu Min Zu@x民族声乐@x室内乐@x作品集@y中国@z现代 |
| 690 | @aJ647.69@v5 | |
| 701 | 0 | @a安鲁新@AAn Lu Xin@f(1965~)@4主编 |
| 801 | 0 | @aCN@bTANGWEI@c20161128 |
| 905 | @b0952549-52@dJ647.69@e200@f4 | |
| 中国少数民族风格室内乐获奖作品集(第二、第三届)/安鲁新主编.-北京:中央民族大学出版社,2015 |
| 272页;29cm.-(新世纪民族音乐创新教育丛书) |
| 国家及特色专业(音乐学)建设项目 |
| ISBN 978-7-5660-1024-7:CNY78.00 |
| 本书收录了第二届、第三届中国少数民族风格室内乐获奖作品,包括《越人歌》、《山涧鸣V》、《新疆印象:老阿訇的叮嘱》、《草原即景》、《丹葛尔夜话》、《壮乡狂想曲》、《敖包随想》、《花嫁》、《马头琴赞》、《春之舞》等。 |
| ● |
| 相关链接 |
|
|
|
|
正题名:中国少数民族风格室内乐获奖作品集(第二、第三届)
索取号:J647.69/200
 
预约/预借
| 序号 | 登录号 | 条形码 | 馆藏地/架位号 | 状态 | 备注 |
| 1 | 0952549 | 209525496 | 第一样本阅览室/ [索取号:J647.69/200] | 在馆 | |
| 2 | 0952550 | 209525502 | 第一借阅区/ [索取号:J647.69/200] | 在馆 | |
| 3 | 0952551 | 209525511 | 第一借阅区/ [索取号:J647.69/200] | 在馆 | |
| 4 | 0952552 | 209525520 | 第一借阅区/ [索取号:J647.69/200] | 在馆 |